Les gagnants de la Ligue des Champions - Statistiques

Statistiques générales
  • Ce quiz a été pris 599 fois
  • Le résultat moyen est 60 sur 69
Statistiques - réponses
Date Gagnants Resultat Adversaire % Correct
1956 Réal Madrid 4-3 Reims
99%
1957 Réal Madrid 2-0 Fiorentina
99%
1958 Réal Madrid 3-2 AC Milan
99%
1959 Réal Madrid 2-0 Reims
99%
1960 Réal Madrid 7-3 Francfort
99%
1966 Réal Madrid 2-1 Partizan Belgrade
99%
1998 Réal Madrid 1-0 Juventus
99%
2002 Réal Madrid 2-1 Bayer 04 Leverkusen
99%
2014 Réal Madrid 4-1 Atletico de Madrid
99%
2016 Réal Madrid 1(5)-1(3) Atletico de Madrid
99%
2017 Réal Madrid 4-1 Juventus
99%
2018 Réal Madrid 3-1 Liverpool FC
99%
2022 Réal Madrid 1-0 Liverpool FC
99%
2024 Réal Madrid 2-0 Borussia Dortmund
99%
1992 FC Barcelone 1-0 UC Sampdoria
97%
2006 FC Barcelone 2-1 Arsenal FC
97%
2009 FC Barcelone 2-0 Manchester United
97%
2011 FC Barcelone 3-1 Manchester United
97%
2015 FC Barcelone 3-1 Juventus
97%
1993 Olympique de Marseille 1-0 AC Milan
95%
1963 AC Milan 2-1 Lisbonne
94%
1969 AC Milan 4-1 Ajax Amsterdam
94%
1989 AC Milan 4-0 Steaua Bucarest
94%
1990 AC Milan 1-0 Lisbonne
94%
1994 AC Milan 4-0 FC Barcelone
94%
2003 AC Milan 0(3)-0(2) Juventus
94%
2007 AC Milan 2-1 Liverpool FC
94%
1974 Bayern Munich 4-0 Atletico de Madrid
94%
1975 Bayern Munich 2-0 Leeds United
94%
1976 Bayern Munich 1-0 AS Saint-Etienne
94%
2001 Bayern Munich 1(5)-1(4) Valence CF
94%
2013 Bayern Munich 2-1 Borussia Dortmund
94%
2020 Bayern Munich 1-0 Paris Saint Germain
94%
1977 Liverpool FC 3-1 Mönchengladbach
94%
1978 LIverpool FC 1-0 Bruges
94%
1981 Liverpool FC 1-0 Réal Madrid
94%
1984 Liverpool FC 1(4)-1(2) AS Rome
94%
2005 Liverpool FC 3(3)-3(2) AC Milan
94%
2019 Liverpool FC 2-0 Tottenham Hotspur
94%
2023 Manchester City 1-0 Inter Milan
94%
1964 Inter Milan 3-1 Réal Madrid
93%
1965 Inter Milan 1-0 Lisbonne
93%
2010 Inter Milan 2-0 Bayern Munich
93%
2000 Réal Madrid 3-0 Valence CF
93%
2012 Chelsea FC 1(4)-1(3) Bayern Munich
91%
2021 Chelsea FC 1-0 Manchester City
91%
1968 Manchester United 4-1 Lisbonne
91%
1999 Manchester United 2-1 Bayern Munich
91%
2008 Manchester United 1(6)-1(5) Chelsea FC
91%
1985 Juventus 1-0 Liverpool FC
88%
1996 Juventus 1(4)-1(2) Ajax Amsterdam
88%
1971 Ajax Amsterdam 2-0 Panathinaïkos
83%
1972 Ajax Amsterdam 2-0 Inter Milan
83%
1973 Ajax Amsterdam 1-0 Juventus
83%
1995 Ajax Amsterdam 1-0 Ac Milan
83%
1997 Borussia Dortmund 3-1 Juventus
82%
1987 FC Porto 2-1 Bayern Munich
80%
2004 FC Porto 3-0 AS Monaco
80%
1961 Benfica Lisbonne 3-2 FC Barcelone
64%
1962 Benfica Lisbonne 5-3 Réal Madrid
64%
1967 Celtic Glasgow 2-1 Inter Milan
63%
1979 Nottingham Forrest 1-0 Malmö FF
63%
1980 Nottingham Forrest 1-0 Hambourg SV
63%
1991 Etoile rouge de Belgrade 0(5)-0(3) Olympique de Marseille
58%
1983 Hambourg SV 1-0 Juventus
56%
1988 PSV Eindhoven 0(6)-0(5) Lisbonne
52%
1982 Aston VIlla 1-0 Bayern Munich
49%
1986 Steaua Bucarest 0(2)-0(0) FC Barcelone
43%
1970 Feyenoord Rotterdam 2-1 Celtic Glasgow
35%
Aucun quiz correspondant
Distribution des résultats
% des personnes avec chaque résultat
Percentile par nombre de réponses
Votre historique - résultats
Vous n’avez pas pris ce quiz